MM

Main Author: Iacobucci, Dawn
Language: English
Published: Mason, OH: South-Western, 2010.
Edition: 2009 ed., student ed.
Subjects:
LEADER 00692cam a2200217 7i4500
001 0000036265
005 20170218090000.0
008 110310 eng
020 |a 0324784430 (pbk.)  
020 |a 9780324784435 (pbk.)  
090 0 0 |a HF5415.13   |b .I23 2010 
100 1 |a Iacobucci, Dawn  
245 1 0 |a MM   |c Iacobucci. 
250 |a 2009 ed., student ed. 
260 |a Mason, OH:   |b South-Western,   |c 2010. 
300 |a xiv, 237 p.:   |b col. ill.;   |c 28 cm. 
504 |a Includes bibliographical references 
650 0 0 |a Marketing --   |x Management  
997 |a Business & Accountancy, Faculty 
998 |a Marketing, Degree 
999 |a 0000046526  |b BOK  |c OPEN SHELF  |e 1st Floor, Shah Alam